000 00563nam a2200181Ia 4500
008 100920s9999 xx 000 0 und d
082 _b95919
_a891.464 न 05
100 _aदर्शने सारंग.
245 _aस्थित्यंतर.
260 _bअनुभव-अक्षरधन, मुंबई.
_c2005
300 _a290
_bसाधी
365 _b250
520 _aनिबंध.
630 _aस्थित्यंतर.
650 _aनिबंध.
730 _aस्थित्यंतर.
942 _cBOOK
999 _c736359
_d736356